English grammar in use : A self-study reference and practice book for intermediate students with answers

Bibliographic Details
Main Author: MURPHY
Format: Book
Published: Cambridge, U.K. : Cambridge University Press , 1997
Edition:2nd ed.
Subjects:

MARC

LEADER 00000cam a2200000 7i4500
001 0000000257
005 20000725.0
020 0 0 |a 052143680X 
090 0 0 |a 428.2   |b MUR 1997 
100 1 0 |a MURPHY   |h Raymond 
245 1 0 |a English grammar in use :   |b A self-study reference and practice book for intermediate students with answers   |c Raymond Murphy 
250 0 0 |a 2nd ed. 
260 0 0 |a Cambridge, U.K. :   |b Cambridge University Press ,   |c 1997 
300 |a x, 350 p. :   |b ill. ;   |c 25 cm. 
500 0 0 |a Includes index 
650 0 0 |a English language   |x Grammar   |x Study and teaching 
999 |a 0000001460   |b Monograph   |c Open Shelf   |e Default branch 
999 |a 0000001461   |b Monograph   |c Open Shelf   |e Default branch